Europäische Geschichte nach Buchstabe - D - Statistiken

Allgemein
  • Dieses Quiz wurde 56 mal gespielt
  • Das Durchschnittsergebnis liegt bei 11 aus 20
Antwortstatistiken
Hinweis Antwort % Korrekt
Abkürzung für den Staat, der in der sowjetischen Besatzungszone Deutschlands entstand DDR
100%
Diese auf Volksherrschaft ausgerichtete Staatsform entsteht im 5. Jhdt. v. Chr. in Athen (in eingeschränkter Form) Demokratie
90%
Diese Stadt an der Ostsee wurde zwischen Ersten und Zweiten Weltkrieg zum Freistaat Danzig
88%
Stadt bei München, in der die Nationalsozialisten ihr erstes Konzentrationslager errichteten Dachau
84%
Dieser Ort in Griechenland war in der Antike für sein Orakel bekannt Delphi
82%
Großer Religionskrieg im 17. Jhdt.. Ausgelöst vom Prager Fenstersturz und beendet durch den Westfälischen Frieden Dreißigjähriger Krieg
82%
In dieser Stadt wurden 1899 Regeln für die Kriegsführung beschlossen, welche seit 2002 im dort ansäßigen Internationalen Strafgerichtshof durchgesetzt werden sollen Den Haag
78%
Bezeichnung für die Regierungschefs der Republik Venedig Doge
76%
Englischer Freibeuter und Weltumsegler im Dienste Elisabeths I Sir Francis Drake
62%
Von Reaktionären gestreute Verschwörungserzählung, nach der Sozialdemokraten oder Juden die Schuld an der deutschen Niederlage im Ersten Weltkrieg tragen Dolchstoßlegende
50%
Goldmünzen, welche ab dem 13. Jhdt. in Venedig geprägt wurden und auch in Deutschland weit verbreitet waren Dukate
50%
Die Britische Marine führte in dieser französischen Stadt eine große Evakuierungsmission der Britischen Armee im 2. WK durch Dünkirchen
46%
Bezeichnung für Kaiser- und Königreich Österreich-Ungarn nach großem Strom Donaumonarchie
42%
Landwirtschaftliche Innovation des Mittelalters, welche durch Fruchtwechsel den Ertrag von Äckern steigen ließ Dreifelderwirtschaft
30%
Dieser Römische Kaiser beendete die Krise des 3. Jhdt., führte die Tetrarchie ein und ließ Christen verfolgen Diokletian
28%
Kreuzfahrerorden, welcher einen eigenen Staat in Preußen aufbaute Deutscher Orden
24%
Dieser österreichische Politiker war Diktator des austrofaschistischen Ständestaats und wurde 1934 von Nationalsozialisten ermordet Engelbert Dollfuß
16%
Vorsokratischer griechischer Philosoph, welcher die Idee des Atoms entwickelte Demokrit
14%
Volk, welches in der Antike im heutigen Rumänien lebte Daker
12%
Bezeichnung der skandinavisch kontrollierten Gebiete Englands in der Wikingerzeit Danelag
6%
Keine übereinstimmenden Quizze gefunden
Verteilung der Resultate
Anzahl Personen mit jedem Resultat
Perzentil nach korrekt beantworteten Fragen
Ihre Resultats-Entwicklung
Sie haben dieses Quiz noch nicht gespielt